Historia antigua de Roma: libros X, XI y fragmentos de los libros XII-XX

Uloženo v:
Podrobná bibliografie
Hlavní autor: Dionisio de Halicarnaso (Autor)
Médium: Kniha
Jazyk:španělština
Vydáno: Madrid Gredos 1988
Edice:Biblioteca Clásica Gredos, 124
Témata:
Tagy: Přidat tag
Žádné tagy, Buďte první, kdo vytvoří štítek k tomuto záznamu!

MARC

LEADER 00000nam a2200000 a 4500
001 UCN0367
003 CL-VaPUC
008 010323e19880000SP |||||||||||||||||spa|d
082 0 4 |a 937  |b DIO  |2 21 
100 0 |a Dionisio de Halicarnaso  |e author  |9 455581 
245 1 0 |a Historia antigua de Roma: libros X, XI y fragmentos de los libros XII-XX 
300 |a 306 p 
942 |c BK 
945 |d 20010323 00:00:00  |a cmena 
260 |a Madrid  |b Gredos  |c 1988 
650 0 |a Historia romana  |9 322973 
650 0 |a Historia antigua  |9 267521 
650 0 |a Civilizaciones antiguas  |9 265998 
583 |a last modification  |c 20010323 00:00:00  |k Rodrigo Vera 
490 0 |a Biblioteca Clásica Gredos, 124 
999 |c 294131  |d 294129 
952 |0 0  |1 0  |4 0  |6 937_000000000000000_DIO_1988  |7 0  |8 X  |9 346019  |a BIBHIS  |b BIBHIS  |d 2019-11-20  |i 3702804  |l 1  |m 1  |o 937 DIO 1988  |p 3702804  |r 2024-01-30  |s 2023-08-09  |w 2019-11-20  |y BK_X  |k HIS